000 00661nam a2200217Ia 4500
005 20250326144122.0
008 250326s9999 xx 000 0 und d
020 _a978-1-84542 014 7
037 _aTextbook
040 _aFMSL
_beng
_cFMSL
041 _aeng
_2eng
084 _aX:9 P6
_qFMSL
100 _aTsang D
_9749071
245 0 _aEntrepreneurial culture: network advantages within chinese and irish software firms
_cTsang D
260 _aUnited Kingdom
_bUnited Kingdom, Edward Elger
_c2006
300 _a195p
365 _b4533.1000000000004
650 _aEnterpreneurship
_9748758
942 _cTB
_hX:9 P6
999 _c1302431
_d1302431